La jojoba / (Record no. 182753)

MARC details
000 -LEADER
campo de control de longitud fija 00643nam a2200217 i 4500
001 - NÚMERO DE CONTROL
campo de control 182753
003 - IDENTIFICADOR DE NÚMERO DE CONTROL
campo de control ES-MaACL
005 - FECHA Y HORA DE LA ÚLTIMA TRANSACCIÓN
campo de control 20230906221712.0
008 - DATOS DE LONGITUD FIJA--INFORMACIÓN GENERAL
campo de control de longitud fija 131022s1984 sp | |||||||| | spa d
020 ## - NÚMERO INTERNACIONAL ESTÁNDAR DEL LIBRO
Número Internacional Estándar del Libro 84-7498-187-5
080 ## - NÚMERO DE LA CLASIFICACIÓN DECIMAL UNIVERSAL
Número de la Clasificación Decimal Universal 633.85
100 1# - ENTRADA PRINCIPAL--NOMBRE DE PERSONA
Nombre de persona García Berenguer, A.
9 (RLIN) 153729
245 13 - MENCIÓN DEL TÍTULO
Título La jojoba /
Mención de responsabilidad, etc. A. García Berenguer.
260 ## - PUBLICACIÓN, DISTRIBUCIÓN, ETC.
Lugar de publicación, distribución, etc. Madrid :
Nombre del editor, distribuidor, etc. Instituto Nacional de Investigaciones Agrarias,
Fecha de publicación, distribución, etc. 1984.
300 ## - DESCRIPCIÓN FÍSICA
Extensión 12 p. :
Otras características físicas il. ;
Dimensiones 24 cm.
490 1# - MENCIÓN DE SERIE
Mención de serie Hoja Técnica INIA ;
Designación de volumen o secuencia 57
650 #4 - PUNTO DE ACCESO ADICIONAL DE MATERIA--TÉRMINO DE MATERIA
Término de materia o nombre geográfico como elemento de entrada Jojoba.
9 (RLIN) 153730
830 0# - PUNTO DE ACCESO ADICIONAL DE SERIE-TÍTULO UNIFORME
Título uniforme Hoja Técnica INIA ;
Designación de volumen o secuencia 57
9 (RLIN) 191849
852 ## - LOCALIZACIÓN
Ubicación ES-MaACL
Número de control de estantería 2327-F-25
Holdings
Estatus retirado Estado de pérdida Estado de daño No para préstamo Colección Biblioteca de origen Biblioteca actual Ubicación en estantería Fecha de adquisición Fuente de adquisición Total de préstamos Signatura topográfica completa Código de barras Visto por última vez Precio de reemplazo Tipo de ítem Koha
        Colección de folletos Biblioteca del Ateneo de Madrid Biblioteca del Ateneo de Madrid Depósito folletos 22/10/2013     2327-F-25 1192066 23/02/2023 23/02/2023 Folleto